Logo CIB grande

A NEW PRONOUNCING DICTIONARY OF THE SPANISH AND ENGLISH LANGUAGES (Registro nro. 195785)

Detalles MARC
000 -LEADER
campo de control de longitud fija 00516nam a2200193Ia 4500
005 - FECHA Y HORA DE LA ÚLTIMA TRANSACCIÓN
campo de control 20250425160752.0
008 - DATOS DE LONGITUD FIJA--INFORMACIÓN GENERAL
campo de control de longitud fija 250425s9999 xx 000 0 und d
041 ## - CÓDIGO DE IDIOMA
Código de lengua del texto/banda sonora o título independiente spa
082 ## - NÚMERO DE LA CLASIFICACIÓN DECIMAL DEWEY
Número de clasificación 423
010 ## - NÚMERO DE CONTROL DE LA BIBLIOTECA DEL CONGRESO
Número de control de LC 4836
100 ## - ENTRADA PRINCIPAL--NOMBRE DE PERSONA
Nombre de persona VELAZQUEZ DE LA CADENA, MARIANO
245 #0 - MENCIÓN DEL TÍTULO
Título A NEW PRONOUNCING DICTIONARY OF THE SPANISH AND ENGLISH LANGUAGES
250 ## - MENCION DE EDICION
Mención de edición 1A ED.
260 ## - PUBLICACIÓN, DISTRIBUCIÓN, ETC.
Lugar de publicación, distribución, etc. Estados Unidos
Nombre del editor, distribuidor, etc. APPLETON CENTURY
Fecha de publicación, distribución, etc. 1973
260 ## - PUBLICACIÓN, DISTRIBUCIÓN, ETC.
Lugar de publicación, distribución, etc. NEW YORK
300 ## - DESCRIPCIÓN FÍSICA
Extensión 771
650 ## - PUNTO DE ACCESO ADICIONAL DE MATERIA--TÉRMINO DE MATERIA
Término de materia o nombre geográfico como elemento de entrada DICCIONARIO INGLES ESPAÑOL
942 ## - ELEMENTOS DE ENTRADA SECUNDARIOS (KOHA)
Tipo de ítem Koha Libros
Existencias
Estatus retirado Estado de pérdida Estado de daño No para préstamo Biblioteca de origen Biblioteca actual Ubicación en estantería Fecha de adquisición Coste, precio normal de compra Etiqueta RFID Total de préstamos Código de barras Copia número Tipo de ítem Koha
        CENTRO DE INFORMACIÓN BIBLIOTECARIA CENTRO DE INFORMACIÓN BIBLIOTECARIA   26/06/1998 0.01 0000000000000000007454   13259 1 Libros

Copyright 2025 ESPOL. Todos los derechos reservados.